• 首页
  • 本馆介绍
  • 公告通知
  • 最新文献
  • 馆藏检索
  • 电子资源
  • 读者荐购
  • 参考咨询
  • CALIS
  • 我的图书馆
  • 登录
  • 详细信息显示
  • 放入我的书架
  • 预约/预借图书
  • 作者相关作品
  • 分类相关作品
  • 丛书相关作品
  • 出版社相关作品

书目信息

  • 表格格式
  • 工作单格式
  • 卡片格式
题名:
全国注册安全工程师执业资格考试例题分析与习题汇编
    
 
作者: 伍爱友 主编
分册:  
出版信息: 武汉   华中科技大学出版社  2007.05
页数: 430页
开本: 26cm
丛书名:
单 册:
中图分类: X93-44
科图分类:
主题词: 安全工程--an quan gong cheng--工程技术人员--资格考试--解题
电子资源:
ISBN: 978-7-5609-3992-6
 
 
 
 
 
000 01245nam0 2200253 450
001 012007847749
005 20071205094422.68
010    @a978-7-5609-3992-6@dCNY49.50
100    @a20071204d2007 km y0chi0120 ea
101 0  @achi
102    @aCN@b420000
105    @ay a 000yy
106    @ar
200 1  @a全国注册安全工程师执业资格考试例题分析与习题汇编@Aquan guo zhu ce an quan gong cheng shi zhi ye zi ge kao shi li ti fen xi yu xi ti hui bian@f伍爱友主编@Fwu ai you zhu bian
210    @a武汉@c华中科技大学出版社@d2007.05
215    @a430页@d26cm
320    @a有书目 (第430页)。
330    @a本书以《2007年全国注册安全工程师执业资格考试大纲》为依据,对注册安全工程师执业资格考试的主要知识点进行了归纳总结,主要包括:安全生产法及相关法律知识、安全生产管理知识、安全生产技术、安全生产事故案例分析四科目的大纲要求、知识要点、例题分析、本章习题及模拟试题五大部分。
512 1  @a2007全国注册安全工程师执业资格考试例题分析与习题汇编@A2007 quan guo zhu ce an quan gong cheng shi zhi ye zi ge kao shi li ti fen xi yu xi ti hui bian
606 0  @a安全工程@Aan quan gong cheng@x工程技术人员@y资格考试@j解题
690    @aX93-44@v4
701  0 @a伍爱友@Awu ai you@4主编
801  0 @aCN@bQSSK@c20071205
905    @b270643-45@dX93-44@eW937@f3
    
    全国注册安全工程师执业资格考试例题分析与习题汇编/伍爱友主编.-武汉:华中科技大学出版社,2007.05
    430页;26cm
    
    
    ISBN 978-7-5609-3992-6:CNY49.50
    本书以《2007年全国注册安全工程师执业资格考试大纲》为依据,对注册安全工程师执业资格考试的主要知识点进行了归纳总结,主要包括:安全生产法及相关法律知识、安全生产管理知识、安全生产技术、安全生产事故案例分析四科目的大纲要求、知识要点、例题分析、本章习题及模拟试题五大部分。
●
相关链接 在E读中查询图书 在当当中查询图书 在豆瓣中查询图书


正题名:全国注册安全工程师执业资格考试例题分析与     索取号:X93-44/W937         预约/预借

序号 登录号 条形码 馆藏地/架位号 状态 备注
1 270643   202706438   市政与环境工程学院资料室/501自科库 121排2列4层/ [索取号:X93-44/W937] 在馆    
2 270644   202706447   期刊室512/501自科库 121排2列4层/ [索取号:X93-44/W937] 在馆    
3 270645   202706456   自科库501/501自科库 121排2列4层/ [索取号:X93-44/W937] 在馆    
河南城建学院图书馆 欢迎您!
大连网信软件有限公司© 版权所有